000
00312nam a22001217a 4500
040
_c
SY
082
_a
338
100
_a
SAM VITOU; សំ វិទូ
245
_a
Non-wood forest product, ការសិក្សាអនុផលព្រៃឈើ
260
_a
RUA
_b
SAM
_c
1998
300
_a
50p.
942
_c
KB
999
_c
9325
_d
9325